000
00218nam a2200097Ia 4500
008
170619s9999 xx 000 0 und d
100
_a
SINGH- V P
245
0
_a
COMPUTER COURSE
260
_b
PEARSON EDU. DELHI
260
_c
2002
546
_a
ENGLISH
999
_c
22946
_d
22946